| 000 | 01217nam a2200217 a 4500 | ||
|---|---|---|---|
| 005 | 20140310182428.0 | ||
| 008 | 120608s19uu xx 00 eng d | ||
| 020 | _a9781422478912 | ||
| 050 |
_aKF 2994 _b.L43 2010 |
||
| 100 | _aLeaffer, Marshall A. | ||
| 245 |
_aUnderstanding copyright law / _cMarshall A. Leaffer. |
||
| 250 | _a5th ed. | ||
| 260 |
_aNew Providence, NJ : _bLexisNexis, _c2010. |
||
| 300 |
_a607 p. : _c26 cm. |
||
| 500 | _aIncludes bibliographical references and index. | ||
| 520 | _aIntroduction to copyright and intellectual property law -- Subject matter of copyright : general standards -- Works of authorship : categories of copyrightable subject matter -- Publication, notice, and other formalities -- Ownership of copyright -- Duration, renewal, termination of transfers, and restoration of copyright -- Copyright registration and deposit -- The exclusive rights and their limitations -- Infringement and remedies -- Fair use and other defenses to copyright infringement -- Copyright law in a federal system : preemption of state law -- An overview of international copyright. | ||
| 521 | _aBSBA | ||
| 650 | _aCopyright --United States. | ||
| 942 |
_cBK _2lcc _kFOR |
||
| 999 |
_c13302 _d13302 |
||